Major Streets of Las Vegas Nevada - Statistics

General Stats
  • This quiz has been taken 43 times
  • The average score is 13 of 22
Answer Stats
Direction Cities Hint Answer Suffix % Correct
North / South Las Vegas, Paradise*, Sloan*, Erie*, Jean*, North Las Vegas The Strip Las Vegas Blvd
96%
Northeast / Southwest Las Vegas, Henderson, Whitney*, Paradise* City in Colorado known for being a tech hub, also a type of big rock Boulder Hwy
92%
North / South Henderson, Boulder City Opposite of Western Eastern Ave
92%
North / South Las Vegas, Spring Valley*, Enterprise* When a rainstorm ends, you see this when the sun comes out Rainbow Blvd
92%
East / West Las Vegas, Paradise*, Spring Valley*, Enterprise* Orange juice brand Tropicana Ave
92%
East / West North Las Vegas Capital of Wyoming Cheyenne Ave
84%
East / West Las Vegas, Spring Valley*, Enterprise*, Paradise* Opposite of Sunrise Sunset Rd
84%
East / West Las Vegas, North Las Vegas, Blue Diamond* An African desert Sahara Ave
80%
East / West Las Vegas, Paradise, Spring Valley*, Enterprise* A animal commonly found in Florida Flamingo Rd
68%
North / South Las Vegas, Spring Valley*, Enterprise* A city in new york, also a wild animal Buffalo Dr
64%
East / West Las Vegas, Blue Diamond* Named for the near by mountain Charleston Blvd
64%
North / South Las Vegas, North Las Vegas An animal similar to a sheep Lamb Blvd
52%
North / South Las Vegas, Spring Valley*, Enterprise*, Paradise* A city in Georgia Decatur Blvd
48%
North / South Las Vegas, North Las Vegas Spanish term associated with ranching Rancho Dr
48%
North / South Enterprise*, Paradise*, Spring Valley*, Las Vegas Ends with "View" Valley View Blvd
48%
North / South Las Vegas, North Las Vegas Named after a real estate investor Jones Blvd
44%
East / West Paradise*, Spring Valley*, Enterprise*, Las Vegas Ends with "Springs" Warm Springs Rd
40%
North / South Las Vegas, Spring Valley*, Enterprise* A mountainous city in Colorado Durango Dr
36%
East / West Las Vegas One single mountain Lone Mountain Rd
36%
East / West Las Vegas, North Las Vegas, A common male first name Craig Rd
32%
North / South Las Vegas Commonly mistaken as a city Summerlin Pkwy
32%
North / South Las Vegas, Spring Valley*, Paradise Another word for "Defensive Wall" Rampart Blvd
16%
No matching quizzes found
Score Distribution
Percent of People with Each Score
Percentile by Number Answered
Your Score History
You have not taken this quiz